<?xml version="1.0" encoding="UTF-8"?>
<record
    xmlns:xsi="http://www.w3.org/2001/XMLSchema-instance"
    xsi:schemaLocation="http://www.loc.gov/MARC21/slim http://www.loc.gov/standards/marcxml/schema/MARC21slim.xsd"
    xmlns="http://www.loc.gov/MARC21/slim">

  <leader>02787nam a2200337 i 4500</leader>
  <controlfield tag="001">000014759</controlfield>
  <controlfield tag="003">DO-SdBNP</controlfield>
  <controlfield tag="005">20250902114424.0</controlfield>
  <controlfield tag="007">ta</controlfield>
  <controlfield tag="008">100120s2008    dr            000 0 spa d</controlfield>
  <datafield tag="020" ind1=" " ind2=" ">
    <subfield code="a">9993400475</subfield>
  </datafield>
  <datafield tag="040" ind1=" " ind2=" ">
    <subfield code="a">DO-SdBNP</subfield>
    <subfield code="b">spa</subfield>
    <subfield code="c">BNPHU</subfield>
    <subfield code="e">rda</subfield>
  </datafield>
  <datafield tag="041" ind1=" " ind2=" ">
    <subfield code="a">spa</subfield>
  </datafield>
  <datafield tag="082" ind1=" " ind2="4">
    <subfield code="a">972.93054</subfield>
    <subfield code="b">G861g 2008</subfield>
    <subfield code="2">22</subfield>
  </datafield>
  <datafield tag="100" ind1="1" ind2=" ">
    <subfield code="a">Grimaldi, V&#xED;ctor,</subfield>
    <subfield code="d">1949-</subfield>
    <subfield code="e">autor</subfield>
    <subfield code="4">aut.</subfield>
    <subfield code="9">1699</subfield>
  </datafield>
  <datafield tag="245" ind1="1" ind2="0">
    <subfield code="a">Golpe y revoluci&#xF3;n :</subfield>
    <subfield code="b">el derrocamiento de Juan Bosch y la intervenci&#xF3;n norteamericana /</subfield>
    <subfield code="c">V&#xED;ctor Grimaldi.</subfield>
  </datafield>
  <datafield tag="250" ind1=" " ind2=" ">
    <subfield code="a">Cuarta edici&#xF3;n </subfield>
  </datafield>
  <datafield tag="264" ind1=" " ind2=" ">
    <subfield code="a">Santo Domingo :</subfield>
    <subfield code="b">Comisi&#xF3;n Permanente de Efem&#xE9;rides Patrias,</subfield>
    <subfield code="c">2008.</subfield>
  </datafield>
  <datafield tag="300" ind1=" " ind2=" ">
    <subfield code="a">501 p&#xE1;ginas :</subfield>
    <subfield code="b">ilustraciones, retratos ;</subfield>
    <subfield code="c">23 cm.</subfield>
  </datafield>
  <datafield tag="336" ind1=" " ind2=" ">
    <subfield code="a">texto </subfield>
    <subfield code="b">txt</subfield>
    <subfield code="2">rdacontent </subfield>
  </datafield>
  <datafield tag="337" ind1=" " ind2=" ">
    <subfield code="a">sin mediaci&#xF3;n</subfield>
    <subfield code="b">n</subfield>
    <subfield code="2">rdamedia </subfield>
  </datafield>
  <datafield tag="338" ind1=" " ind2=" ">
    <subfield code="a">volumen</subfield>
    <subfield code="b">nc</subfield>
    <subfield code="2">rdacarrier</subfield>
  </datafield>
  <datafield tag="490" ind1="0" ind2=" ">
    <subfield code="a">Publicaci&#xF3;n de la Comisi&#xF3;n Permanente de Efem&#xE9;rides Patrias</subfield>
    <subfield code="v">29</subfield>
  </datafield>
  <datafield tag="504" ind1=" " ind2=" ">
    <subfield code="a">Bibliograf&#xED;a: p&#xE1;ginas 491-498</subfield>
  </datafield>
  <datafield tag="505" ind1="0" ind2=" ">
    <subfield code="a">Cronolog&#xED;a de los hechos -- Pr&#xF3;logo -- Un encuentro entre dos presidentes -- La embajada eval&#xFA;a el gobierno de Bosch -- El Caribe en la Guerra fr&#xED;a -- Trujillo y Hait&#xED; en el destino dominicano -- Las conspiraciones de Kennedy -- Geopol&#xED;ticas y golpe de estado -- El final del triunvirato -- M&#xE1;s informes de inteligencia -- C&#xF3;mo Wessin se entera de la revuelta -- Estados Unidos contra Juan Bosch -- Cuando Trujillo era jefe en 1961 -- Muchos muertos y heridos -- Aislamientos y huidas -- El 28 de abril -- Para evitar otro Viet Nam -- John B. Martin, el divisionista -- Wessin atropellado -- Maniobras en Washington -- La CIA y los comunistas -- La lista era de -- Informes de Berry e Imbert -- El insomnio de Johnson -- Caama&#xF1;o para presidente -- Bosch no era est&#xFA;pido -- Imbert promovido por Rusk -- Elogios para Caama&#xF1;o -- Bajando el chucho -- Los generales de golpe -- Fondos para la ocupaci&#xF3;n -- La misi&#xF3;n Bundy -- Y la operaci&#xF3;n limpieza -- La opini&#xF3;n p&#xFA;blica norteamericana -- Y el libro de Martin -- Revelaciones de Thomas Mann 287 una entrevista con Cyrus Vance -- Fracaso de f&#xF3;rmula Guzm&#xE1;n -- Esp&#xED;as norteamericanos -- Una vieja preocupaci&#xF3;n -- Resucita un cabildero de Trujillo -- Dominicanos presidenciables -- La mafia tambi&#xE9;n quiso aprovecharse -- La acusaci&#xF3;n de un senador -- La muerte de Trujillo y la invasi&#xF3;n de 1965 -- El retorno de Balaguer -- Negociantes norteamericanos -- Recordando el golpe de 1963 -- Cuatro meses de revoluci&#xF3;n -- Sube Garc&#xED;a Godoy -- Una propuesta de Balaguer -- El destierro de Caama&#xF1;o.</subfield>
  </datafield>
  <datafield tag="590" ind1=" " ind2=" ">
    <subfield code="a">Inventariado, 2019/MFF</subfield>
  </datafield>
  <datafield tag="651" ind1=" " ind2="0">
    <subfield code="a">Rep&#xFA;blica Dominicana</subfield>
    <subfield code="x">Pol&#xED;tica y gobierno</subfield>
    <subfield code="9">45</subfield>
  </datafield>
  <datafield tag="651" ind1=" " ind2="4">
    <subfield code="a">Rep&#xFA;blica Dominicana</subfield>
    <subfield code="x">Historia</subfield>
    <subfield code="x">Golpe de Estado, 1963</subfield>
    <subfield code="9">33457</subfield>
  </datafield>
  <datafield tag="910" ind1=" " ind2=" ">
    <subfield code="a">Validado. Control de calidad MMOLINA</subfield>
  </datafield>
  <datafield tag="942" ind1=" " ind2=" ">
    <subfield code="2">ddc</subfield>
    <subfield code="c">LBS1</subfield>
  </datafield>
  <datafield tag="952" ind1=" " ind2=" ">
    <subfield code="0">0</subfield>
    <subfield code="1">1</subfield>
    <subfield code="2">ddc</subfield>
    <subfield code="5">6</subfield>
    <subfield code="7">0</subfield>
    <subfield code="8">DS</subfield>
    <subfield code="a">BNPHU</subfield>
    <subfield code="b">BNPHU</subfield>
    <subfield code="c">MI</subfield>
    <subfield code="d">2010-01-20</subfield>
    <subfield code="l">0</subfield>
    <subfield code="o">BNPHU DS 972.93054 G861g 2008</subfield>
    <subfield code="p">14759-30</subfield>
    <subfield code="r">2020-06-25</subfield>
    <subfield code="t">e.3</subfield>
    <subfield code="w">2020-06-25</subfield>
    <subfield code="y">LBS1</subfield>
    <subfield code="Z">Pr&#xE9;stamo en sala</subfield>
  </datafield>
  <datafield tag="952" ind1=" " ind2=" ">
    <subfield code="0">0</subfield>
    <subfield code="1">1</subfield>
    <subfield code="2">ddc</subfield>
    <subfield code="5">6</subfield>
    <subfield code="7">0</subfield>
    <subfield code="8">DS</subfield>
    <subfield code="a">BNPHU</subfield>
    <subfield code="b">BNPHU</subfield>
    <subfield code="c">MI</subfield>
    <subfield code="d">2010-01-20</subfield>
    <subfield code="l">0</subfield>
    <subfield code="o">BNPHU DS 972.93054 G861g 2008</subfield>
    <subfield code="p">14759-40</subfield>
    <subfield code="r">2020-06-25</subfield>
    <subfield code="t">e.4</subfield>
    <subfield code="w">2020-06-25</subfield>
    <subfield code="y">LBS1</subfield>
    <subfield code="Z">Pr&#xE9;stamo en sala</subfield>
  </datafield>
  <datafield tag="952" ind1=" " ind2=" ">
    <subfield code="0">0</subfield>
    <subfield code="1">1</subfield>
    <subfield code="2">ddc</subfield>
    <subfield code="5">6</subfield>
    <subfield code="7">0</subfield>
    <subfield code="8">DS</subfield>
    <subfield code="a">BNPHU</subfield>
    <subfield code="b">BNPHU</subfield>
    <subfield code="c">MI</subfield>
    <subfield code="d">2010-01-20</subfield>
    <subfield code="l">0</subfield>
    <subfield code="o">BNPHU DS 972.93054 G861g 2008</subfield>
    <subfield code="p">14759-50</subfield>
    <subfield code="r">2020-06-25</subfield>
    <subfield code="t">e.5</subfield>
    <subfield code="w">2020-06-25</subfield>
    <subfield code="y">LBS1</subfield>
    <subfield code="Z">Pr&#xE9;stamo en sala</subfield>
  </datafield>
  <datafield tag="952" ind1=" " ind2=" ">
    <subfield code="0">0</subfield>
    <subfield code="1">0</subfield>
    <subfield code="2">ddc</subfield>
    <subfield code="5">1</subfield>
    <subfield code="7">0</subfield>
    <subfield code="8">PD</subfield>
    <subfield code="a">BNPHU</subfield>
    <subfield code="b">BNPHU</subfield>
    <subfield code="c">HD</subfield>
    <subfield code="d">2010-01-20</subfield>
    <subfield code="l">0</subfield>
    <subfield code="o">BNPHU PD 972.93054 G861g 2008</subfield>
    <subfield code="p">14759-10</subfield>
    <subfield code="r">2020-06-25</subfield>
    <subfield code="w">2020-06-25</subfield>
    <subfield code="y">LBS1</subfield>
    <subfield code="Z">No se presta</subfield>
  </datafield>
  <datafield tag="952" ind1=" " ind2=" ">
    <subfield code="0">0</subfield>
    <subfield code="1">0</subfield>
    <subfield code="2">ddc</subfield>
    <subfield code="5">1</subfield>
    <subfield code="7">0</subfield>
    <subfield code="8">PD</subfield>
    <subfield code="a">BNPHU</subfield>
    <subfield code="b">BNPHU</subfield>
    <subfield code="c">HD</subfield>
    <subfield code="d">2010-01-20</subfield>
    <subfield code="l">0</subfield>
    <subfield code="o">BNPHU PD 972.93054 G861g 2008</subfield>
    <subfield code="p">14759-20</subfield>
    <subfield code="r">2020-06-25</subfield>
    <subfield code="t">e.2</subfield>
    <subfield code="w">2020-06-25</subfield>
    <subfield code="y">LBS1</subfield>
    <subfield code="Z">No se presta</subfield>
  </datafield>
  <datafield tag="999" ind1=" " ind2=" ">
    <subfield code="c">14342</subfield>
    <subfield code="d">14342</subfield>
  </datafield>
</record>
